Biomoléculas : (Record no. 6712)

000 -CABECERA
fixed length control field 00889nam a22002537a 4500
003 - IDENTIFICADOR DEL NÚMERO DE CONTROL
control field AR-CdUCM
008 - DATOS DE LONGITUD FIJA--INFORMACIÓN GENERAL
fixed length control field 190319b ||||| |||| 00| 0 spa d
020 ## - NÚMERO INTERNACIONAL ESTÁNDAR DEL LIBRO
ISBN 84-205-0583-8
040 ## - FUENTE DE LA CATALOGACIÓN
Agencia/entidad que catalogó originalmente la obra MUNICIPALIDAD PROVINCIAL DEL CUSCO
Entidad que transcribió la catalogación BIBLIOTECA MUNICIPAL DEL CUSCO
082 ## - NÚMERO DE LA CLASIFICACIÓN DECIMAL DEWEY
No. de Clasificación 574.192 /
Notacion interna F81
100 ## - ENTRADA PRINCIPAL--NOMBRE DE PERSONA
Nombre Personal Fraga, E
245 ## - MENCIÓN DE TÍTULO
Título Biomoléculas :
260 ## - PUBLICACIÓN, DISTRIBUCIÓN, ETC.
Lugar de publicación, distribución, etc. Madrid,
Nombre de la editorial, distribuidor, etc. Alhambra,
Fecha de publicación, distribución, etc. 1976.
300 ## - DESCRIPCIÓN FÍSICA
Nº de Páginas Extensión 289 paginas ;
Otros detalles físicos Trazos, Ilustraciones, dibujos, graficos,
Dimensiones 20cm.
440 ## - MENCIÓN DE SERIE/PUNTO DE ACCESO ADICIONAL--TÍTULO
Título Exedra - ciencia tecnica ingenieria
Número de la parte/sección de una obra 110
9 (RLIN) 18890
505 ## - NOTA DE CONTENIDO CON FORMATO
Nota de contenido formateada Contenido: Fuentes de energia -- enzimas y coenzimas -- acidos nucleicos -- aminoacidos y proteinas -- codigo genetico...
650 ## - PUNTO DE ACCESO ADICIONAL DE MATERIA--TÉRMINO DE MATERIA
Descriptor Biologia
9 (RLIN) 881
650 ## - PUNTO DE ACCESO ADICIONAL DE MATERIA--TÉRMINO DE MATERIA
Descriptor Enzimas
9 (RLIN) 18891
650 ## - PUNTO DE ACCESO ADICIONAL DE MATERIA--TÉRMINO DE MATERIA
Descriptor Acidos nocleicos
9 (RLIN) 18892
650 ## - PUNTO DE ACCESO ADICIONAL DE MATERIA--TÉRMINO DE MATERIA
Descriptor Aminoacidos y proteinas
9 (RLIN) 18893
700 ## - PUNTO DE ACCESO ADICIONAL--NOMBRE DE PERSONA
Nombre Personal Fraga, S
9 (RLIN) 18894
942 ## - ELEMENTOS DE PUNTO DE ACCESO ADICIONAL (KOHA)
Fuente de clasificación
Tipo de item Libros-BMC
945 ## - PROCESAMIENTO DE INFORMACIÓN LOCAL (OCLC)
Catalogador pjha
Holdings
Estado de retiro (separado) Fuente de clasificación o esquema de estanterías Estado dañado Ubicación Sala donde se ubica Nombre de la colección Fecha de adquisición o compra Costo, precio normal en soles Signatura topográfica Código de Barras Última vez visto (Koha) Tipo de ítem (Koha)
No     Sala Ciencias Sala Ciencias Book Cart 2019-03-19 20.00 574.192 / F81 SC0000000131 2019-03-19 Libros-BMC

Powered by Koha